000 00722nam a2200217 a 4500
999 _c7199
_d7199
003 BD-JhCC
005 20180303130640.0
008 180206b2008 bg a|||| |||| 000 0 d
020 _a9840746790
035 _a(BD-JhCC)
040 _aBD-JhCC
_dBD-JhCC
041 _abg
082 _a954.92
_bRAH 2008
100 _aরহমান, মুহাম্মদ হাবিবুর
245 _aগঙ্গাঋদ্ধি থেকে বাংলাদেশ /
_cমুহাম্মদ হাবিবুর রহমান
260 _aঢাকা /
_bবাংলা একাডেমি ;
_c2008 .
300 _a372 p
_bill
_c22 cm
651 _aBangladesh
_vHistory
942 _2ddc
_cBK